000 00594nam a2200241Ia 4500
003 OSt
005 20220912152941.0
006 a|||||r|||| 00| 0
007 ta
008 220909b |||||||| |||| 00| 0 eng d
024 _a28899
037 _cTextual
040 _aCSL
_beng
_cCSL
041 _aeng
082 _aB38, L21
100 _aIgusa Jun-ichi
245 0 _aTheta functions
260 _c1972
300 _ap.
_ccm.
490 _aDie grundlehren der mathematischen wissenschaften; 194
942 _hB38, L21
_cTEXL
_2CC
999 _c94635
_d94635